| 000 | 00504 a2200169 4500 | ||
|---|---|---|---|
| 020 | _a9788439705338 | ||
| 020 | _a8439705336 | ||
| 041 | _aspa | ||
| 100 | 1 | 0 | _aMills, Magnus. |
| 245 | _aSin novedad en el Orient Express / Magnus Mills ; traduccion de Julieta Lionetti. | ||
| 260 | _aBarcelona : Mondadori, 2000. | ||
| 300 |
_a216 pages ; _c23 cm. |
||
| 440 | _aLiteratura Mondadori, 136. | ||
| 500 | _aTranslation of: All quiet on the Orient Express. | ||
| 700 | 1 | 0 | _aLionetti, Julieta. |
| 942 | _cBK | ||
| 999 |
_c8397 _d8397 |
||